MARC

LEADER 00000nam0a2200000 4500
001 252420
005 20231101232741.0
020 |a RU  |b 89-22346 
035 |a (RuTPU)RU\TPU\book\274759 
090 |a 252420 
100 |a 20140303d1989 k y0rusy5003 ca 
101 0 |a rus 
102 |a RU 
105 |a a z 101zy 
200 1 |a Новое в производстве и применении фено- и аминопластов  |e материалы семинара  |f Московский Дом научно-технической пропаганды 
210 |a Москва  |c Изд-во МДНТП  |d 1989 
215 |a 112 с.  |c ил.  |d 19 см 
320 |a Библиогр. в конце докл. 
606 1 |a Смолы синтетические  |2 stltpush  |3 (RuTPU)RU\TPU\subj\55339  |9 73377 
610 1 |a фенолформальдегидные смолы 
610 1 |a аминоформальдегидные смолы 
610 1 |a производство 
610 1 |a применение 
610 1 |a ресурсосберегающие технологии 
610 1 |a энергосберегающие технологии 
610 1 |a анализ 
610 1 |a контроль 
610 1 |a модификация 
610 1 |a семинары 
675 |a 678.6(063)  |z rus  |v 3 
712 0 2 |a Московский Дом научно-технической пропаганды  |2 stltpush  |3 (RuTPU)RU\TPU\col\7885  |9 24405 
712 1 2 |a Новое в производстве и применении фено- и аминопластов  |b семинар  |e Москва  |f 1989 
801 0 |a RU  |b RuMRKP  |c 19950417  |g psbo 
801 1 |a RU  |b 63413507  |c 20140303 
801 2 |a RU  |b 63413507  |c 20140414  |g RCR 
942 |c BK